Stranger Things Season 1 Character Episodes - Statistics

General Stats
  • This quiz has been taken 91 times
  • The average score is 13 of 30
Answer Stats
Hint Answer % Correct
8/8 Eleven
96%
8/8 Joyce Byers
80%
8/8 Jim Hopper
77%
8/8 Mike Wheeler
77%
8/8 Nancy Wheeler
77%
8/8 Jonathan Byers
75%
6/8 Will Byers
75%
8/8 Lucas Sinclair
73%
8/8 Steve Harrington
73%
8/8 Dustin Henderson
72%
8/8 Karen Wheeler
67%
7/8 Ted Wheeler
65%
5/8 Holly Wheeler
57%
3/8 Barbara Holland
44%
4/8 Carol
32%
4/8 Tommy
30%
4/8 Lonnie Byers
29%
8/8 Dr. Martin Brenner
28%
6/8 The Demogorgon
25%
6/8 Scott Clarke
24%
2/8 Benny Hammond
16%
8/8 Officer Callahan
16%
8/8 Officer Powell
16%
5/8 Troy Walsh
16%
6/8 Florence
11%
4/8 James Dante
6%
5/8 Agent Connie Frazier
1%
2/8 Diane Hopper
0%
3/8 Donald Melvald
0%
3/8 Russell Coleman
0%
No matching quizzes found
Score Distribution
Percent of People with Each Score
Percentile by Number Answered
Your Score History
You have not taken this quiz